00668nam a2200241 a 4500001001300000003000900013005001700022008004100039020001000080082001600090100002400106245002100130260005100151300000900202500003500211505001000246650001700256700002400273902000800297942000700305952009700312999001700409nice12345678IN_TiNIC20260116013804.0050524s1981 lona grp 000 0 eng  ac42300a297.82bCHI aChittick, William C aShiite Anthology aLondonbMuhammadi Trust of Great Britainc1981 a152p aincludes index and biblioraphy2 aIndex aShiah-Hadith1 aChittick, William C bSRS cBK 00104070aHMIbHMId2009-01-09g423.00l0o297.82 CHIp015315r2009-01-09w2026-01-16yEB c12508d12508